000 00763nam a2200253 4500
001 117596
003 ES-SlBCS
005 20240523085643.0
007 ta
008 160202s1931 sp a 0010 spadd
040 _aES-SlBCS
_bspa
_erdc
080 _a7.032.1
100 1 _aUnger, Eckhard
_940565
245 1 0 _aArte sumerio-acadio
_cEckhard Unger ; traducción del alemán por José Camón Aznar
260 _aBarcelona [etc.] :
_bLabor,
_c1931
300 _a112 p., XL p. de lám. :
_bil. ;
_c19 cm
490 0 _aColección labor. ;
_v283
500 _aIncluye índices
504 _aBibliogr. : p. 97-99
650 4 _aArte Sumerio
_990799
650 4 _aArte Acadio
_9104929
700 1 _aCamón Aznar, José
_d(1898-1979)
_9215373
942 _2lcc
_cBK
999 _c466167
_d466167